L'attaque des titans : titans primordiaux et leurs possesseurs (SNK) - Statistiques

Statistiques générales
  • Ce quiz a été pris 2 111 fois
  • Le résultat moyen est 15 sur 23
Statistiques - réponses
Titan Temporalité Possesseur % Correct
Colossal Actuel Armin Arlelt
93%
Cuirassé Actuel Reiner Braun
92%
Mâchoire (845-850) Ymir
92%
Féminin Actuel Annie Leonhart
90%
Bestial (842-854) Sieg Jäger
89%
Originel (845) Grisha Jäger
83%
Assaillant (832-845) Grisha Jäger
83%
Originel Actuel Eren Jäger
80%
Assaillant Actuel Eren Jäger
80%
Marteau d'Armes Actuel Eren Jäger
80%
Colossal (843-850) Bertolt Hoover
79%
Mâchoire Actuel Falco Gleis
79%
Charette Actuel Peak
73%
Mâchoire (850-854) Porco Galliard
71%
Assaillant (819-832) Eren Kruger
61%
Mâchoire (843-845) Marcel Galliard
49%
Originel Premier Ymir Fritz
47%
Marteau d'Armes (?-854) Lara Teyber
39%
Originel (?-842) M.Reiss
39%
Originel (842-845) Frieda Reiss
38%
Bestial (829-842) Tom Xaver
36%
Originel Exil vers Paradis Karl Fritz (145ème roi d'Eldia)
23%
Originel (829-842) Uli Reiss
23%
Aucun quiz correspondant
Distribution des résultats
% des personnes avec chaque résultat
Percentile par nombre de réponses
Votre historique - résultats
Vous n’avez pas pris ce quiz